000 00415nam a2200205Ia 4500
001 12875
003 GE_BSU
008 181216s||||||||xx |||||||||||||| ||und||
020 _a0099992000
040 _cGE_BSU
080 _a821.111-32
100 _aHarris,Robert.
245 _aEnigma.
260 _aLondon.
260 _bArrow.
260 _c1995
300 _a390p;18cm.
653 _aEnigma.
942 _cBK
999 _c46045
_d46045